All brainrots in steal a brainrot - Statistics

General Stats
  • This quiz has been taken 151 times
  • The average score is 39 of 333
Answer Stats
Ratety Answer Income % Correct
Secret 67 7.5m/s
59%
Mythic Carloo 13.5k/s
50%
Brainrot God Alessio 85k/s
48%
Los 67
44%
Brainrot God Los Bombinitos 220k/s
44%
Secret La Grande Combinasion 10m/s
43%
Tung Tung Tung Sahur
41%
Common Noobini Pizzanini 1/s
40%
Secret Blackhole Goat 400k/s
33%
Los Bros
31%
Pot Hotspot
31%
Brainrot God Crabbo Limonetta 235k/s
29%
Esok Sekolah
29%
Los Combinasionas
29%
OG Meowl 275m/s
29%
Los Orcalitos
28%
Brainrot God Los Tipi Tacos 260k/s
28%
OG Strawberry Elephant 350m/s
28%
Secret Guerriro Digitale 550k/s
26%
Los Jobcitos
24%
La Secret Combinasion
23%
Los Tungtungtungcitos
23%
Orcalero Orcala
23%
Mythic Te Te Te Sahur 9.5k/s
23%
Los Primos
22%
Las Sis
21%
Los Burritos
21%
Secret To to to Sahur 2.2m/s
21%
Brainrot God Tralalero Tralala 50k/s
21%
Burrito Bandito
20%
Extinct Tralalero
20%
Gattito Tacoto
20%
Los Gattitos
20%
Los Tortus
20%
Spaghetti Tualetti
20%
Secret Tictac Sahur 37.5m/s
20%
Ti Ti Ti Sahur
20%
Extinct Ballerina
19%
Secret Job Job Job Sahur 700k/s
19%
Los Cucarachas
19%
Pop Pop Sahur
19%
Matteo
17%
Quesadilla Crocodila
17%
La Spooky Grande
16%
Los Nooo My Hotspotsitos
16%
Common Pipi Kiwi 13/s
16%
Rare Ta Ta Ta Ta Sahur 55/s
16%
Common Tim Cheese 5/s
16%
Extinct Matteo
15%
La Extinct Grande
15%
Los Quesadillas
15%
Pipi Corni
15%
Torrtuginni Dragonfrutini
15%
Zibra Zubra Zibralini 6k/s
15%
1x1x1x1
14%
Bambu Bambu Sahur
14%
Carrotini Brainini 15k/s
14%
Corn Corn Corn Sahur
14%
Secret Dragon Cannelloni 200m/s
14%
Guest 666
14%
Los Matteos
14%
Los Mobilis
14%
Secret Los Spyderinis 425k/s
14%
Los Tralaleritos
14%
Tigrilini Watermelini 7.5k/s
14%
Legendary Ballerina Cappuccina 500/s
13%
Brainrot God Chihuanini Taconini 45k/s
13%
Headless Horseman
13%
La Casa Boo
13%
Common Lirili Larila 3/s
13%
Los Crocodillitos
13%
Pipi Avocado
13%
Spooky and Pumpky
13%
Bananito Bandito
12%
Bulbito Bandito Traktorito
12%
Chipso and Queso
12%
Doi Doi Do
12%
Eviledon
12%
Common Fluriflura 5/s
12%
Los Puggies
12%
Raccooni Jandelini
12%
Spioniro Golubiro 3.5k/s
12%
Tigroligre Frutonni
12%
Tralaledon
12%
Capi Taco
10%
Cupcake Koala
10%
La Sahur Combinasion
10%
Las Tralaleritas
10%
La Supreme Combinasion
10%
Los Chihuaninis
10%
Los Hotspotsitos
10%
Los Noobinis
10%
Los Spooky Combinasionas
10%
Common Talpa Di Fero 9/s
10%
Brainrot God Tralalita Tralala 100k/s
10%
Epic Brr Brr Patapim 100/s
9%
Burguro And Fryuro
9%
Cocosini Mama
9%
Secret Garama and Madundung 50m/s
9%
Krupuk Pagi Pagi
9%
La Cucaracha
9%
La Karkerkar Combinasion
9%
Las Vaquitas Saturnitas
9%
La Taco Combinasion
9%
Los Karkeritos
9%
Mariachi Corazoni
9%
Mieteteira Bicicleteira
9%
Orcaledon
9%
Rang Ring Bus
9%
Tipi Topi Taco
9%
Agarrini La Palini
8%
Brainrot God Cocofanto elefanto 17.5k/s
8%
Dul Dul Dul
8%
Fragrama and Chocrama
8%
Gattatino Nyanino
8%
Jacko Jack Jack
8%
Karkerkar Kurkur
8%
Los Spaghettis
8%
Brainrot God Odin Din Din Dun 75k/s
8%
Telemorte
8%
Rare Trippi Troppi 15/s
8%
Zombie Tralala
8%
Antonio
7%
Mythic Bombardiro Crocodilo 2.5k/s
7%
Espresso Signora
7%
Mythic Frigo Camelo 1.9k/s
7%
Ganganzelli Trulala
7%
Horegini Boom
7%
Jackorilla
7%
Secret Ketchuru And Musturu 42.5m/s
7%
Ketchuru and Musturu
7%
Secret La Vacca Saturno Saturnita 300k/s
7%
Los Chicleteiras
7%
Los Tacoritas
7%
Mastodontico Telepiedone
7%
Penguino Cocosino
7%
Perrito Burrito
7%
Pot Pumpkin
7%
Pumpkini Spyderini
7%
Sigma Girl
7%
Common Svinina Bombardino 10/s
7%
Trickolino
7%
Epic Bananita Dolphinita 150/s
6%
Mythic Bombombini Gusini 5k/s
6%
Epic Cappuccino Assassino 75/s
6%
Cappuccino Clownino
6%
Chillin Chili
6%
Legendary Chimpanzini Bananini 300/s
6%
Fragola La La La
6%
Brainrot God Girafa Celestre 20k/s
6%
Legendary Glorbo Fruttodrillo 750/s
6%
Karker Sahur
6%
Money Money Man
6%
Nooo My Hotspot
6%
Pakrahmatmatina
6%
Pi Pi Watermelon
6%
Legendary Sigma Boy 1.3k/s
6%
Signore Carapace
6%
Rare Tric Trac Baraboom 65/s
6%
Vulturino Skeletono
6%
Legendary Blueberrinni Octopusini 1k/s
5%
Bombardini Tortini
5%
Buho De Fuego
5%
Rare Cacto Hipopotamo 50/s
5%
Gattatino Neonino
5%
Las Cappuchinas
5%
Mythic Lerulerulerule 8.7k/s
5%
Mythic lucky block ?
5%
Brainrot God | Secret Lucky Block ?
5%
Mummy Ambalabu
5%
Noo my examine
5%
Legendary Pandaccini Bananini 1.2k/s
5%
Legendary Pipi Potato 1.1k/s
5%
Quackula
5%
Sammyni Spyderini
5%
Statutino Libertino
5%
Stoppo Luminino
5%
Tacorita Bicicleta
5%
Tartaragno
5%
Brainrot God Trippi Troppi Troppa Trippa 175k/s
5%
Yess my examine
5%
Epic Avocadini Antilopini 115/s
3%
Rare Bandito Bobritto 35/s
3%
Rare Boneca Ambalabu 40/s
3%
Brasilini Berimbini
3%
Mythic Cavallo Virtuoso 7.5k/s
3%
Legendary Chef Crabracadabra 600/s
3%
Secret Chicleteira Bicicleteira 3.5m/s
3%
Chimpanzini Spiderini
3%
Clickerino Crabo
3%
Dug dug dug
3%
Elefanto Frigo
3%
Rare Gangster Footera 30/s
3%
Mythic Gorillo Watermelondrillo 8k/s
3%
Jacko Spaventosa
3%
Secret Ketupat Kepat 35m/s
3%
Noo La Polizia
3%
Secret Nuclearo Dinossauro 15m/s
3%
Mythic Orangutini Ananassini 2k/s
3%
Orcalita Orcala
3%
Epic Perochello Lemonchello 160/s
3%
Quesadillo Vampiro
3%
Mythic Rhino Toasterino 2.1k/s
3%
Skull Skull Skull
3%
Tentacolo Tecnico
3%
Tob Tobi Tobi
3%
Mythic Tracoducotulu Delapeladustuz 12k/s
3%
Trenostruzzo Turbo 4000
3%
Tukanno Bananno
3%
Unclito Samito
3%
Epic Avocadini Guffo 225/s
2%
Avocadorilla
2%
Brainrot God Ballerino Lololo 200k/s
2%
Epic Bambini Crostini 120/s
2%
Bandito Axolito
2%
Brr es Teh Patipum
2%
Epic Brri Brri Bicus Dicus Bombicus 175/s
2%
Legendary Burbaloni Loliloli 200/s
2%
Mythic Cachorrito Melonito 13k/s
2%
Celularcini Viciosini
2%
Chachechi
2%
Crocodildo Penisini
2%
Frankentteo
2%
Frio Ninja
2%
Frogato Pirato
2%
Gorillo Subwoofero
2%
La Vacca Jacko Linterino
2%
Legendary Lionel Cactuseli 650/s
2%
Malame Amarele
2%
Mangolini Parrocini
2%
Secret Money Money Puggy 21m/s
2%
Mummio Rappitto
2%
Noo my Candy
2%
Brainrot God Pakrahmatmamat 215k/s
2%
Epic Salamino Penguino 250/s
2%
Snailenzo
2%
Legendary Strawberrelli Flamingelli 1.1k/s
2%
Mythic Toiletto Focaccino 16k/s
2%
Brainrot God Tractoro Dinosauro 230k/s
2%
Brainrot God Trenostruzzo Turbo 3000 150k/s
2%
Urubini Flamenguini
2%
Vampira Cappucina
2%
Anpali Babel
1%
Belula Beluga
1%
Secret Bisonte Giuppitere 300k/s
1%
Bruto Gialutto
1%
Brainrot God Cacasito Satalito 240k/s
1%
Caramello Filtrello
1%
Secret Graipuss Medussi 1m/s
1%
Hokka Horloge
1%
Kings Coleslaw
1%
Los Taco Blocks
1%
Magi Ribbitini
1%
Piccionetta Machina
1%
Pinealotto Fruttarino
1%
Pirulitoita Bicicleteira
1%
Legendary Quivioli Ameleonni 900/s
1%
Tamaluk un Meass
1%
Brainrot God Tartaruga Cisterna 250k/s
1%
Tirilikalika Tirilikalako
1%
Developorini Braziliaspidini
0%
Los Lucky Blocks
0%
Los Tung­tung­tung­citos
0%
Brainrot God Piccione Maccina 225k/s
0%
Rhino Helicopterino
0%
Epic Trumilero Trulicina 125/s
0%
No matching quizzes found
Score Distribution
Percent of People with Each Score
Percentile by Number Answered
Your Score History
You have not taken this quiz